000 00706nam a2200241Ia 4500
003 OSt
005 20220928121359.0
006 a|||||r|||| 00| 0
007 ta
008 220927b |||||||| |||| 00| 0 eng d
024 _a89777
037 _cReference Collections
040 _aSDCL
_cSDCL
_beng
041 _2eng
_aeng
082 _aP-:4, L7 RR
100 _aLandau Sidney I
_9451762
245 0 _aDoubleday Roget's thesaurus in dictionary form.
260 _aNew York
_b Doubleday
_c1977
300 _axii,804p
_ccm.
700 _a Bogus Ronald J
_9451763
942 _hP-:4, L7 RR
_cREF
_2CC
999 _c765783
_d765783